| 000 | 00525nam a2200145 a 4500 | ||
|---|---|---|---|
| 001 | 000038271 | ||
| 005 | 20201002031219.0 | ||
| 008 | 130405s1988 dr a 000 0 spa d | ||
| 040 |
_aDO-SdBNP _bspa _cBNPHU |
||
| 100 | 1 |
_aAbreu L., Luz María _964640 |
|
| 245 | 1 | 0 |
_aCon las campesinas : _breflexiones sobre mujer rural y desarrollo / _cLuz María Abreu L. |
| 260 |
_aSanto Domingo : _bCentro Dominicano de Estudios de la Educación, _c1988. |
||
| 300 |
_a124 p. : _bils ; _c23 cm. |
||
| 500 | _aIncluye notas al pie de las páginas | ||
| 999 |
_c37761 _d37761 |
||